000 00289nam a22001217a 4500
003 OSt
005 20230916065520.0
008 230916b |||||||| |||| 00| 0 eng d
040 _cIIMT UNIVERSITY
100 _aKUMAR AMIT,AJAY YADAV
245 _aPHARMACEUTICAL ANALYSIS 1
942 _2ddc
_c03
999 _c57161
_d57161